| 000 | 01481nam0a22003971 4500 | ||
|---|---|---|---|
| 001 | v19\rc\1918195 | ||
| 005 | 20251118180630.7 | ||
| 035 | _a(NLR Aleph) 005005453 | ||
| 090 |
_a6430904 _c6430904 |
||
| 100 | _a20080404d1912 u y0rusy50 ca | ||
| 101 | 1 |
_arus _cger |
|
| 102 | _aRU | ||
| 105 | _ay j |||c| | ||
| 200 | 1 |
_aВозникновение народного хозяйства _eПубл. лекции и очерки _fКарл Бюхер _gПер. Марии Сев _gПод ред. и с предисл. прив.-доц. С.-Петерб. ун-та И.М. Кулишева |
|
| 205 | _a2-е, испр. и доп. по 7-му нем. изд. | ||
| 210 |
_aСанкт-Петербург _cт-во "Обществ. польза" _d1912 |
||
| 215 |
_a313 с. _d22 |
||
| 532 | 1 | 3 | _aВозникновение народного хозяйства |
| 700 | 1 |
_aБюхер _bК. _f1847-1930 _gКарл |
|
| 702 | 1 |
_aСев _bМ. _gМария _4730 |
|
| 702 | 1 |
_aКулишер _bИ. М. _f1878-1933 _gИосиф Михайлович##3RU\NLR\AUTH\770148518 _4070 _4080 |
|
| 801 | 0 |
_aRU _bNLR _gpsbo |
|
| 801 | 0 |
_aRU _bRuMoRGB _2psbo |
|
| 801 | 1 |
_aRU _bProSoft-M _2rusmarc |
|
| 852 |
_aNLR _j96/698 |
||
| 852 |
_aNLR _j93/2388 |
||
| 899 |
_aRuMoRGB _jM 82/179 |
||
| 899 |
_aRuMoRGB _jW 449/88 |
||
| 899 |
_aRuMoRGB _jH 12/314 |
||
| 899 | _aБАН | ||
| 899 | _aНБ СПбГУ | ||
| 899 | _aГПИБ | ||
| 899 | _aНБ МГУ | ||
| 942 | _cBOOK | ||
| 980 | _aNB | ||